Panchalamkurichi(പാഞ്ചാലംകുറിച്ചി) (Record no. 115281)

MARC details
000 -LEADER
fixed length control field 00427 a2200145 4500
005 - DATE AND TIME OF LATEST TRANSACTION
control field 20260413144307.0
008 - FIXED-LENGTH DATA ELEMENTS--GENERAL INFORMATION
fixed length control field 260413b |||||||| |||| 00| 0 eng d
020 ## - INTERNATIONAL STANDARD BOOK NUMBER
International Standard Book Number 9789364870672
080 ## - UNIVERSAL DECIMAL CLASSIFICATION NUMBER
Universal Decimal Classification number FM
Item number BAB/P
100 ## - MAIN ENTRY--PERSONAL NAME
Personal name Baburaj Kalampoor
245 ## - TITLE STATEMENT
Title Panchalamkurichi(പാഞ്ചാലംകുറിച്ചി)
260 ## - PUBLICATION, DISTRIBUTION, ETC. (IMPRINT)
Name of publisher, distributor, etc D C Books.
Place of publication, distribution, etc Kottayam.
Date of publication, distribution, etc 2025.
653 ## - INDEX TERM--UNCONTROLLED
Uncontrolled term Fiction-Novel-Malayalam Literature
942 ## - ADDED ENTRY ELEMENTS (KOHA)
item type Under processing
Holdings
Lost status Source of classification or shelving scheme Not for loan Home library Current library Date acquired Cost, normal purchase price Total Checkouts Full call number Barcode Date last seen Cost, replacement price Price effective from Koha item type Public note
  Universal Decimal Classification Not For Loan University Library University Library 27/02/2026 140.01   FM BAB/P 00097360 27/02/2026 210.00 27/02/2026 Books Processing
University Library, CUSAT